00754 2200265 4500001002100000005001500021035002000036007000300056008004100059020002200100082001100122084001500133100002500148245011500173250001000288260003800298300003200336650001800368700001900386700002600405700001300431700002000444990001200464990001200476INLIS00000000000184920180404083716 a0010-0418000006ta180404 g 0 ind  a978-602-1694-01-5 a808.83 a808.83 KED0 aKEDOK, Duplet Kembar1 aKedok Duplet Kembar /cAan Wulandari, Eka Natassa Sumantri, Masarkun, Tethy Ezokanzo; penyunting, Woro Lestari acet.1 aJakarta :bAl-Kautsar Kids,c2014 a143 hlm. :bilus. ;c19 cm. aCERITA PENDEK0 aAAN, Wulandari0 aEKA, Natassa Sumantr\0 aMASARKUN0 aTETHY, Ezokanzo a16491 a a16491 b